000
00319nam a2200121Ia 4500
008
231129s9999||||xx |||||||||||||| ||spa||
040
_b
spa
082
_a
Co861 T233s
100
_a
Tavera Jose Aurelio
245
0
_a
Sonetos imperiales
264
_a
Colombia : Fondo Cultural La edad dorada [199?].
942
_2
ddc
_c
BKS
999
_c
24822
_d
24822